000 00570cam a2200181ua 4500
001 22910
008 190625n2017 II |||gr||||Z||||||eng
082 _a542
100 1 _aYADAV, M.S.,
_eAUTHOR.
245 _aCHEMISTRY OF TRANSITION ELIMENTS
_hTextual Documents
250 _a1ST.
260 _aNEW DELHI
_bDOMINENT PUBLISHER AND DISTRIBUTORS
_c2017
300 _a229.:
_c20CM+
_eHB.
500 _aRUSA MDC GRANT 2014-2017
653 _aTechniques, equipment & materials
700 1 _aYADAV, M.S.,1
_eAUTHOR.,
999 _c26158
_d26158